Statistics for Mostly Red Flags

Click here to take the quiz!

General Stats

  • This quiz has been taken 53 times
  • The average score is 34 of 39

Answer Stats

Answer% Correct
Poland
97%
Albania
94%
Canada
94%
Chile
94%
China
94%
Denmark
94%
Indonesia
94%
Monaco
94%
Norway
94%
Spain
94%
Austria
91%
Bahrain
91%
Latvia
91%
Lebanon
91%
Malta
91%
Nepal
91%
North Korea
91%
Switzerland
91%
Belarus
89%
Macedonia
89%
Montenegro
89%
Morocco
89%
Portugal
89%
Qatar
89%
Liechtenstein
86%
Taiwan
86%
Turkey
86%
Laos
83%
Mongolia
83%
Peru
83%
Antigua and Barbuda
80%
Tonga
80%
Vietnam
80%
Maldives
77%
Samoa
77%
Trinidad and Tobago
77%
Tunisia
77%
Kyrgyzstan
74%
Timor-Leste
74%

Score Distribution

Percentile by Number Answered

Percent of People with Each Score

Your Score History

You have not taken this quiz